Profitable plastic industries / (Record no. 66886)

MARC details
000 -LEADER
fixed length control field 00524nam a22001457a 4500
005 - DATE AND TIME OF LATEST TRANSACTION
control field 20120519113638.0
020 ## - INTERNATIONAL STANDARD BOOK NUMBER
International Standard Book Number 818662323X
Terms of availability 250.00
035 ## - SYSTEM CONTROL NUMBER
System control number A-947156
037 ## - SOURCE OF ACQUISITION
Stock number DPL
Source of stock number/acquisition ENG
245 ## - TITLE STATEMENT
Title Profitable plastic industries /
Statement of responsibility, etc by NIIR Board
260 ## - PUBLICATION, DISTRIBUTION, ETC. (IMPRINT)
Place of publication, distribution, etc Delhi
Name of publisher, distributor, etc National Institute of Industrial Research
300 ## - PHYSICAL DESCRIPTION
Extent 248p.
Dimensions 20 cms.
942 ## - ADDED ENTRY ELEMENTS (KOHA)
Source of classification or shelving scheme Dewey Decimal Classification
Item type English Books
Classification part 338.476684
Call number suffix NAT
Holdings
Withdrawn status Lost status Not for loan Collection code Home library Current library Date acquired Cost, normal purchase price Full call number Barcode Cost, replacement price Koha item type
      Non-fiction Sarojini Nagar Sarojini Nagar 19/05/2012 250.00 338.476684 NAT A-947156 250.00 English Books

© Delhi Public Library
Hit Counter
free hit counter